Prieskum potrieb výrobkov š.p. Gumárne 1. mája Púchov na 9. 5RP záverečná práca postgraduálneho štúdia

Guardado en:
Detalles Bibliográficos
Autor principal: Koval, Peter
Autor Corporativo: Vysoká škola ekonomická v Bratislave
Otros Autores: Dolinský, Kamil
Formato: Libro
Lenguaje:eslovaco
Publicado: Bratislava 1989
Etiquetas: Agregar Etiqueta
Sin Etiquetas, Sea el primero en etiquetar este registro!

MARC

LEADER 00000nam a2200000 4500
001 c030451
005 20221215071242.3
041 0 |a slo 
044 |a SK 
245 1 0 |a Prieskum potrieb výrobkov š.p. Gumárne 1. mája Púchov na 9. 5RP  |b záverečná práca postgraduálneho štúdia  |c Peter Koval ; ved. práce Kamil Dolinský 
264 1 |a Bratislava  |c 1989 
300 |a 36 s. 
100 1 |a Koval, Peter 
700 1 |a Dolinský, Kamil 
710 2 |a Vysoká škola ekonomická v Bratislave